The Pharcyde Discography - Statistics

General Stats
  • This quiz has been taken 10 times
  • The average score is 3 of 8
Answer Stats
Year Name Type % Correct
1992 Bizarre Ride II the Pharcyde Album
100%
1995 Labcabincalifornia Album
86%
2004 Humboldt Beginnings Album
43%
2001 Cydeways: The Best of The Pharcyde Compilation
29%
2005 Instrumentals Compilation
29%
2000 Plain Rap Album
29%
2000 Chapter One: Testing the Waters Compilation
14%
2005 Sold My Soul: The Remis & Rarity Collection Compilation
14%
No matching quizzes found
Score Distribution
Percent of People with Each Score
Percentile by Number Answered
Your Score History
You have not taken this quiz